Immigration Tschechien - Statistiken

Allgemein
  • Dieses Quiz wurde 81 mal gespielt
  • Das Durchschnittsergebnis liegt bei 15 aus 20
Antwortstatistiken
Platz Land Anzahl % Korrekt
6. Deutschland 21.478
98%
5. Polen 21.767
97%
2. Slowakei 121.278
97%
4. Russland 38.010
95%
11. Ungarn 7.675
91%
1. Ukraine 145.153
88%
20. Frankreich 4.409
85%
18. Serbien 5.593
80%
10. Vereinigtes Königreich 8.332
80%
13. Vereinigte Staaten 7.245
80%
8. Rumänien 16.824
79%
12. China 7.673
77%
17. Italien 5.682
77%
14. Weißrussland 6.920
77%
7. Bulgarien 17.183
76%
19. Indien 4.923
58%
16. Moldawien 5.880
56%
3. Vietnam 61.910
42%
15. Kasachstan 5.940
36%
9. Mongolei 9.844
15%
Keine übereinstimmenden Quizze gefunden
Verteilung der Resultate
Anzahl Personen mit jedem Resultat
Perzentil nach korrekt beantworteten Fragen
Ihre Resultats-Entwicklung
Sie haben dieses Quiz noch nicht gespielt